Films avec Brigitte Bardot (Mort subite) - Statistiques

Statistiques générales
  • Ce quiz a été pris 60 fois
  • Le résultat moyen est 8 sur 15
Answers on the Grid
Answers color-coded by a green-red scale on the quiz's grid according to % correct below.
Le Trou Normand
Si Versailles m'était conté…
Les Grandes Manœuvres
Et Dieu… créa la Femme
La Vérité
Paparazzi
Le Mépris
Une ravissante Idiote
Viva Maria !
Les Pétroleuses
Boulevard du Rhum
Babette s'en va-t-en guerre
En cas de Malheur
L'Ours et la Poupée
Vie privée
Le Gendarme de Saint-Tropez
Terminator
La Fabuleux Destin d'Amélie Poulain
Le Vieux Fusil
Les Tontons Flingueurs
Oscar
La Piscine
Un Homme et une Femme
Les Demoiselles de Rochefort
Les Diaboliques
Pulp Fiction
Le Parrain
Les Vacances de Monsieur Hulot
Le Dîner de Cons
Le Salaire de la Peur
 
Statistiques - réponses
Réponse % Correct
Et Dieu… créa la Femme
92%
Le Mépris
80%
Viva Maria !
70%
Babette s'en va-t-en guerre
60%
La Vérité
60%
Les Pétroleuses
56%
Le Trou Normand
56%
Une ravissante Idiote
54%
Vie privée
46%
En cas de Malheur
44%
L'Ours et la Poupée
44%
Si Versailles m'était conté…
40%
Boulevard du Rhum
38%
Les Grandes Manœuvres
36%
Paparazzi
34%
Aucun quiz correspondant
Distribution des résultats
% des personnes avec chaque résultat
Percentile par nombre de réponses
Votre historique - résultats
Vous n’avez pas pris ce quiz